| 000 | 01140cam a2200337 i 4500 | ||
|---|---|---|---|
| 999 |
_c200453240 _d71452 |
||
| 001 | 998165453406676 | ||
| 003 | TR-AnTOB | ||
| 005 | 20240926094753.0 | ||
| 007 | ta | ||
| 008 | 230605s1997 xxu 001 0 eng d | ||
| 020 | _a0070224811 | ||
| 040 |
_aDNLM _beng _erda _cTR-AnTOB _dTR-AnTOB |
||
| 041 | 0 | _aeng | |
| 060 | 0 | 0 |
_aQV 150 _bC257 1997 |
| 096 |
_aQV150 _bC257 1997 |
||
| 245 | 0 | 0 |
_aCardiovascular pharmacotherapeutics / _ceditors, William H. Frishman, Edmund H. Sonnenblick. |
| 264 |
_aNew York : _bMcGraw-Hill, Health Professions Division, _cc1997. |
||
| 264 | _c©1997. | ||
| 300 |
_axxv, 1722 pages : _billustrations ; _c24 cm |
||
| 336 |
_atext _btxt _2rdacontent |
||
| 337 |
_aunmediated _bn _2rdamedia |
||
| 338 |
_avolume _bnc _2rdacarrier |
||
| 500 | _aIncludes index. | ||
| 650 | 2 | 2 |
_aCardiovascular Diseases _xdrug therapy _96012 |
| 650 | 2 | 2 |
_aCardiovascular Agents _9142609 |
| 650 | 2 | 0 |
_aCardiovascular System _xdrug effects _929759 |
| 700 | 1 |
_aFrishman, William H., _d1946- _eeditor _9142605 |
|
| 700 | 1 |
_aSonnenblick, Edmund H., _d1932-2007 _eeditor _9142606 |
|
| 942 |
_2NLM _cBK |
||